Cyclisme : Les équipes de Michal Kwiatkowski - Statistiques

Statistiques générales
  • Ce quiz a été pris 112 fois
    42 depuis la dernière actualisation
  • Le résultat moyen est 15 sur 19
Statistiques - réponses
Années Pays de l'équipe Réponses % Correct
2020 Royaume-Uni INEOS Grenadiers
100%
2021 Royaume-Uni INEOS Grenadiers
100%
2022 Royaume-Uni INEOS Grenadiers
100%
2023 Royaume-Uni INEOS Grenadiers
100%
2024 Royaume-Uni INEOS Grenadiers
100%
2025 Royaume-Uni INEOS Grenadiers
100%
2026 Royaume-Uni INEOS Grenadiers
100%
2027 Royaume-Uni INEOS Grenadiers
100%
2028 Royaume-Uni INEOS Grenadiers
100%
2019 Royaume-Uni Team INEOS
100%
2016 Royaume-Uni Team Sky
100%
2017 Royaume-Uni Team Sky
100%
2018 Royaume-Uni Team Sky
100%
2015 Belgique Etixx - Quick Step
55%
2012 Belgique Omega Pharma - Quick-Step
52%
2013 Belgique Omega Pharma - Quick-Step
52%
2014 Belgique Omega Pharma - Quick-Step
52%
2010 Espagne Caja Rural
21%
2011 États-Unis Radioshack
17%
Aucun quiz correspondant
Distribution des résultats
% des personnes avec chaque résultat
Percentile par nombre de réponses
Votre historique - résultats
Vous n’avez pas pris ce quiz depuis la dernière actualisation